000 00687nam a2200193Ia 4500
005 20240530104441.0
008 140319s1995 xx 000 0 ara d
040 _aGCL /
_cGCL
082 0 4 _a811.009 /
_bع ش
100 1 _aعبدالله التطاوى
245 1 0 _aالشاعر مؤرخا /
_cعبدالله التطاوى
260 _aالقاهرة :
_bدار غريب للطباعة والنشر والتوزيع،
_c1995
300 _a303 ص؛
_b24 سم
650 0 4 _aالعصر الجاهلى
650 0 4 _aالشعر العربى - تاريخ ونقد
650 0 4 _aالشعر - تاريخ ونقد
942 _2ddc
_cBK
999 _c47777
_d47777